000
00331nam a2200121Ia 4500
008
151213s9999 xx 000 0 und d
245
_a
Bangladesh Economic Review - 2004
_b
Economics Advisory Finance Division Ministry of Finance
260
_c
2004
300
_a
2345 p.
650
_a
Economics
650
_a
Economics
999
_c
1655
_d
1655